000 00395 a2200157 4500
001 14498
020 _a9788561167325
040 _cAnchieta - Aquarius
100 _aMont'Alverne, Rosana
240 1 0 _aO ovo amarelinho da galinha do vizinho
_lpor
245 1 0 _aO ovo amarelinho da galinha do vizinho
300 _a32p.
362 0 _a2011
650 4 _aLiteratura infanto-juvenil
942 _cBK
999 _c14498
_d14498